Geldtheorie Entwicklung, Stand und Systemvergleichende Anwendung

Saved in:
Bibliographic Details
Format: Book
Language:German
Published: Baden-Baden Nomos 1985
Series:Monographien der List Gesellschaft e.V. Neue Folge Bd.8
Subjects:
Tags: Add Tag
No Tags, Be the first to tag this record!

MARC

LEADER 00000nam a2200000 4500
001 c041654
005 20041019155119.3
041 0 |a ger 
044 |a DE 
245 1 0 |a Geldtheorie  |b Entwicklung, Stand und Systemvergleichende Anwendung 
264 1 |a Baden-Baden  |b Nomos  |c 1985 
300 |a 312 s. 
490 1 |a Monographien der List Gesellschaft e.V. Neue Folge  |v Bd.8 
830 0 |a Monographien der List Gesellschaft e.V. Neue Folge  |v Bd.8 
610 2 0 |a teória peňažná